X Congreso Nacional de la ciencia del suelo

সংরক্ষণ করুন:
গ্রন্থ-পঞ্জীর বিবরন
প্রধান লেখক: Casanova Pino, Manuel (Author)
বিন্যাস: গ্রন্থ
ভাষা:স্প্যানিশ
প্রকাশিত: Santiago Universidad de Chile 2005
বিষয়গুলি:
ট্যাগগুলো: ট্যাগ যুক্ত করুন
কোনো ট্যাগ নেই, প্রথমজন হিসাবে ট্যাগ করুন!

MARC

LEADER 00000nam a2200000 a 4500
001 UCK7998
003 CL-VaPUC
005 20250310113839.0
008 060105e20050000cl 1 spa d
082 0 4 |a 631.74  |b CAS  |2 21 
100 1 |a Casanova Pino, Manuel  |e author  |9 620837 
245 1 0 |a X Congreso Nacional de la ciencia del suelo 
260 |a Santiago  |b Universidad de Chile  |c 2005 
300 |a 200 p 
500 |a Boletin N§ 21 
583 |a last modification  |c 20190826 10:08:36  |k Rodrigo Vera 
650 0 0 |a Suelos  |9 260322 
650 0 0 |a Ciencias del suelo  |9 358420 
650 0 0 |a Minerales   |9 264051 
650 0 0 |a Química del suelo  |9 360372 
650 0 0 |a Humedad del suelo  |9 351599 
650 0 7 |a TEMPERATURA DEL SUELO  |2 CL-VaPUC  |9 357452 
942 |c BK 
945 |a jtorresc  |d 20060105 00:00:00 
546 |a En Español 
536 |a Sociedad Chilena de la Ciencia del Suelo 
518 |p Congreso Nacional de la Ciencia del Suelo, 10, Santiago, 16-18 Noviembre de 2005 
999 |c 384175  |d 384173 
952 |0 0  |1 0  |4 0  |6 631_740000000000000_CAS_2005  |7 0  |8 A  |9 506712  |a BIBAGR  |b BIBAGR  |d 2020-01-23  |i 419814K  |o 631.74 CAS 2005  |p 419814K  |r 2025-01-20  |w 2020-01-23  |y BK  |k AGR 
952 |0 0  |1 0  |4 0  |6 631_740000000000000_CAS_2005  |7 0  |8 A  |9 506713  |a BIBAGR  |b BIBAGR  |d 2020-01-23  |i 4428625  |o 631.74 CAS 2005  |p 4428625  |r 2025-01-20  |w 2020-01-23  |y BK  |k AGR